Cultural and social elements in the education of teachers. (Record no. 21749)
[ view plain ]
| 000 -LEADER | |
|---|---|
| fixed length control field | 01026cam a22002411 4500 |
| 001 - CONTROL NUMBER | |
| control field | e 40000743 |
| 003 - CONTROL NUMBER IDENTIFIER | |
| control field | DLC |
| 005 - DATE AND TIME OF LATEST TRANSACTION | |
| control field | 20260227111229.0 |
| 008 - FIXED-LENGTH DATA ELEMENTS--GENERAL INFORMATION | |
| fixed length control field | 771122s1940 dcu 001 0 eng |
| 010 ## - LIBRARY OF CONGRESS CONTROL NUMBER | |
| LC control number | e 40000743 |
| 035 ## - SYSTEM CONTROL NUMBER | |
| System control number | (OCoLC)3437696 |
| 040 ## - CATALOGING SOURCE | |
| Original cataloging agency | DLC |
| Transcribing agency | MsHaU |
| Modifying agency | OCoLC |
| -- | DLC |
| 042 ## - AUTHENTICATION CODE | |
| Authentication code | premarc |
| 050 00 - LIBRARY OF CONGRESS CALL NUMBER | |
| Classification number | LB1741 |
| Item number | .A65 |
| 082 ## - DEWEY DECIMAL CLASSIFICATION NUMBER | |
| Classification number | 370.7 |
| 110 2# - MAIN ENTRY--CORPORATE NAME | |
| Corporate name or jurisdiction name as entry element | American Council on Education. |
| Subordinate unit | Commission on Teacher Education. |
| 245 10 - TITLE STATEMENT | |
| Title | Cultural and social elements in the education of teachers. |
| Statement of responsibility, etc. | Commission on teacher education, American council on education; Educational policies commission, National education association of the United States, American association of school administrators. |
| 260 ## - PUBLICATION, DISTRIBUTION, ETC. | |
| Place of publication, distribution, etc. | Washington, D.C. |
| Date of publication, distribution, etc. | [1940] |
| 300 ## - PHYSICAL DESCRIPTION | |
| Extent | 51 p. |
| Dimensions | 23 cm. |
| 505 0# - FORMATTED CONTENTS NOTE | |
| Formatted contents note | Foreword.--General education and teacher education, by K. W. Bigelow.--The social responsibilities of teachers, by Lewis Mumford. |
| 650 #0 - SUBJECT ADDED ENTRY--TOPICAL TERM | |
| Topical term or geographic name entry element | Teachers |
| General subdivision | Training of |
| Geographic subdivision | United States. |
| 710 2# - ADDED ENTRY--CORPORATE NAME | |
| Corporate name or jurisdiction name as entry element | Educational Policies Commission. |
No items available.